000 00279nam a22001217a 4500
008 260225b ||||| |||| 00| 0 eng d
041 _aeng
080 _a2.1
100 _a13
101 _afar
245 _aToxicological Profile for Synthetic Vitreous Fibers
942 _2udc
_cBK
999 _c60858
_d60858